100 Biggest Cities of Switzerland on a Map - Statistics

General Stats
  • This quiz has been taken 1,662 times
  • The average score is 37 of 100
Answers on the Map
Answers color-coded by a green-red scale on the quiz's map according to % correct below.
 
Answer Stats
Population City % Correct
433,989 Zurich
98%
136,988 Bern
97%
206,635 Geneva [Genève]
96%
176,329 Basel
95%
144,160 Lausanne
90%
85,534 Lucerne
86%
63,495 Lugano (Breganzona/Pregassona/Viganello)
84%
78,213 St. Gallen
81%
119,315 Winterthur
75%
44,898 Neuchâtel (Peseux/Corcelles-Cormondrèche)
69%
38,660 Fribourg
67%
55,932 Biel [Bienne]
66%
38,949 Chur (Maladers/Haldenstein)
66%
38,666 Schaffhausen
66%
36,624 Sion
65%
43,905 Thun
64%
31,995 Zug
63%
44,743 Bellinzona (Giubiasco/Sementina)
60%
16,394 Locarno
59%
22,290 Aarau (Rohr)
57%
16,855 Solothurn
52%
26,828 Montreux
51%
24,980 Wil (Bronschhofen)
51%
16,181 Schwyz
46%
26,747 Frauenfeld
44%
23,016 Nyon
44%
18,715 Olten
43%
20,430 Baden
41%
37,233 La Chaux-de-Fonds
41%
20,139 Vevey
41%
21,759 Martigny (Charrat)
39%
28,201 Dietikon
38%
15,834 Liestal
38%
26,749 Bulle (La Tour-de-Trême)
35%
21,272 Kloten
35%
23,241 Kreuzlingen
34%
17,663 Sierre
34%
36,352 Uster
34%
30,202 Yverdon-les-Bains
34%
42,958 Köniz
33%
32,380 Emmen
32%
15,893 Herisau
31%
31,506 Dübendorf
30%
24,973 Baar
29%
17,867 Cham
29%
29,632 Kriens
29%
15,068 Mendrisio (Arzo/Ligornetto/Rancate)
29%
18,454 Gossau
27%
24,186 Bülach
26%
17,119 Burgdorf
26%
22,311 Carouge
26%
18,295 Grenchen
26%
16,077 Langenthal (Obersteckholz)
26%
18,234 Muttenz
26%
16,566 Pratteln
26%
28,640 Rapperswil-Jona
26%
21,408 Renens
26%
18,561 Thalwil
26%
26,462 Wetzikon
26%
15,853 Arbon
25%
19,639 Glarus Nord (Mollis/Niederurnen/Näfels)
25%
23,709 Horgen (Hirzel)
25%
17,720 Morges
25%
16,464 Einsiedeln
24%
18,886 Monthey
24%
25,753 Wädenswil (Hütten/Schönenberg)
24%
36,229 Lancy
23%
14,751 Meilen
23%
26,882 Meyrin
23%
22,408 Riehen
23%
20,581 Schlieren
23%
16,467 Steffisburg (Schwendibach)
23%
14,279 Uzwil
23%
37,460 Vernier
23%
21,479 Wettingen
23%
15,475 Horw
22%
14,044 Küssnacht
22%
16,406 Lyss (Busswil)
22%
15,067 Stäfa
22%
17,625 Wallisellen
22%
17,481 Wohlen
22%
22,110 Allschwil
21%
21,553 Opfikon
21%
19,287 Pully
21%
15,162 Küsnacht
20%
18,195 Ostermundigen
20%
20,258 Reinach
20%
19,707 Adliswil
19%
18,886 Onex
19%
19,676 Regensdorf
19%
14,643 Amriswil
18%
14,662 Ebikon
18%
16,690 Thônex
18%
15,080 Oftringen
17%
19,723 Volketswil
17%
16,943 Freienbach
16%
14,209 Richterswil
16%
15,664 Binningen
15%
17,679 Illnau-Effretikon (Kyburg)
15%
17,499 Val-de-Ruz (Cernier/Fontainemelon)
14%
No matching quizzes found
Score Distribution
Percent of People with Each Score
Percentile by Number Answered
Your Score History
You have not taken this quiz